00437nam a2200109Ia 4500008004100000100002600041245011600067260002900183300001800212650001500230856008200245160712s9999 xx 000 0 und d aGuieb III, Eulalio R. cEulalio R. Guieb IIIaAng Dumaracol ng mga Kalamianen Tagbanua ng Hilagang Palawan: Isang Panimulang Paglalahad c2014bHumanities Diliman avol. 11 no. 2 xHUMANITIES uhttp://journals.upd.edu.ph/index.php/humanitiesdiliman/issue/view/502/showToc